| 000 | 00721nam a22002177a 4500 | ||
|---|---|---|---|
| 005 | 20100823151153.0 | ||
| 010 | _aENG-101280 | ||
| 020 |
_a9788189289164 _c400.00 |
||
| 035 | _aEN-84813 | ||
| 037 | _bDBAD/PUB | ||
| 082 | _a610 | ||
| 100 |
_aBallal, H.S. _916961 |
||
| 245 |
_aPeeping inside the body / _cby Ballal H.S. [and] P.D.Gupta |
||
| 260 |
_aJaipur _bCapricorn Publishing House _c2008 |
||
| 270 |
_a4/363, Malviya Nagar _bJaipur _e302017 |
||
| 300 |
_a160p.: _bill. _c22cm (Hb) _eb&w photos |
||
| 500 | _aIncludes index | ||
| 700 |
_aGupta, P.D. _91331 |
||
| 942 |
_2ddc _cEN _h610 _mBAL |
||
| 999 |
_c43026 _d43026 |
||